Подробности
| 000 -МАРКЕР |
| контрольное поле |
02716nam0a2200433 4500 |
| 001 - ИДЕНТИФИКАТОР ЗАПИСИ |
| контрольное поле |
RU\NLR\bibl\1869160 |
| 005 - ИДЕНТИФИКАТОР ВЕРСИИ |
| контрольное поле |
20260408204936.0 |
| 010 ## - МЕЖДУНАРОДНЫЙ СТАНДАРТНЫЙ НОМЕР КНИГИ (ISBN) |
| Номер (ISBN) |
978-5-7513-1526-9 |
| Тираж |
150 |
| 021 ## - НОМЕР ГОСУДАРСТВЕННОЙ РЕГИСТРАЦИИ |
| Код страны |
Российская Федерация |
| Номер |
2012-1663 |
| Номер Листа государственной регистраци |
130 |
| 035 ## - ДРУГИЕ СИСТЕМНЫЕ НОМЕРА |
| Идентификатор записи |
(nilc)RSL-KNO-005384248 |
| 035 ## - ДРУГИЕ СИСТЕМНЫЕ НОМЕРА |
| Идентификатор записи |
(NLR Aleph) 001859015 |
| 100 ## - ДАННЫЕ ОБЩЕЙ ОБРАБОТКИ |
| Данные общей обработки |
20120206d2011 |||y0rusy50 ca |
| 101 0# - ЯЗЫК РЕСУРСА |
| Язык текста, звукозаписи и т.д. |
русский |
| -- |
якутский |
| 102 ## - СТРАНА ПУБЛИКАЦИИ ИЛИ ПРОИЗВОДСТВА |
| Страна публикации |
Российская Федерация |
| 105 ## - ПОЛЕ КОДИРОВАННЫХ ДАННЫХ: ТЕКСТОВЫЕ МАТЕРИАЛЫ, МОНОГРАФИЧЕСКИЕ |
| Кодированные данные о монографическом текстовом документе |
y ||||||||| |
| 200 1# - ЗАГЛАВИЕ И СВЕДЕНИЯ ОБ ОТВЕТСТВЕННОСТИ |
| Основное заглавие |
Воспитание: созидание, сотворчество и забота |
| Сведения, относящиеся к заглавию |
сборник статей, посвященный 80-летнему юбилею кандидата педагогических наук, профессора Матрены Денисовны Гермогеновой |
| Первые сведения об ответственности |
М-во образования и науки Российской Федерации, ФГАОУ ВПО "Сев.-Вост. федеральный ун-т им. М. К. Аммосова", Пед. ин-т, Каф. возрастной и пед. психологии |
| Последующие сведения об ответственности |
[гл. ред. А. А. Григорьева] |
| 210 ## - ПУБЛИКАЦИЯ, РАСПРОСТРАНЕНИЕ И ДР. |
| Место издания, распространения и т.д. |
Якутск |
| Имя издателя, распространителя и т. д. |
Изд. дом Сев.-Вост. федерального ун-та |
| Дата издания, распространения и т.д. |
2011 |
| 215 ## - ФИЗИЧЕСКАЯ ХАРАКТЕРИСТИКА |
| Специфическое обозначение материала и объем |
202 с. |
| Другие сведения о физической характеристике |
ил., табл. |
| Размеры |
21 |
| 300 ## - ОБЩИЕ ПРИМЕЧАНИЯ |
| Текст примечания |
Текст рус., якут. |
| 320 ## - ПРИМЕЧАНИЯ О НАЛИЧИИ В ДОКУМЕНТЕ БИБЛИОГРАФИИ / УКАЗАТЕЛЯ |
| Текст примечания |
Библиогр. в конце ст. |
| 320 ## - ПРИМЕЧАНИЯ О НАЛИЧИИ В ДОКУМЕНТЕ БИБЛИОГРАФИИ / УКАЗАТЕЛЯ |
| Текст примечания |
Список трудов М. Д. Гермогеновой: с. 201-202 |
| 600 #1 - ИМЯ ЛИЦА КАК ПРЕДМЕТ |
| Начальный элемент ввода |
Гермогенова |
| Часть имени, кроме начального элемента ввода |
М. Д. |
| Расширение инициалов личного имени |
Матрена Денисовна |
| Формальный подзаголовок |
Сборники |
| Идентификатор авторитетной/нормативной записи |
RU\NLR\auth\661589215 |
| Системный номер авторитетной/нормативной записи |
2130093 |
| 606 1# - НАИМЕНОВАНИЕ ТЕМЫ КАК ПРЕДМЕТ |
| Наименование темы |
Воспитание |
| Формальный подзаголовок |
Сборники |
| Системный номер авторитетной/нормативной записи |
893560 |
| Идентификатор авторитетной/нормативной записи |
RU\NLR\auth\663355 |
| 606 1# - НАИМЕНОВАНИЕ ТЕМЫ КАК ПРЕДМЕТ |
| Наименование темы |
Педагогика |
| Формальный подзаголовок |
Сборники |
| Тематический подзаголовок |
Научно-исследовательская работа студентов |
| Системный номер авторитетной/нормативной записи |
1843485 |
| Идентификатор авторитетной/нормативной записи |
RU\NLR\auth\66834747 |
| 686 ## - ИНДЕКСЫ ДРУГИХ КЛАССИФИКАЦИЙ |
| Индекс |
Ч421,6(2)3я43 |
| Код системы |
|
| 686 ## - ИНДЕКСЫ ДРУГИХ КЛАССИФИКАЦИЙ |
| Индекс |
Ч33(2)7-8Гермогенова М.Д.я43 |
| Код системы |
|
| 686 ## - ИНДЕКСЫ ДРУГИХ КЛАССИФИКАЦИЙ |
| Индекс |
Ч484(2)7-8Гермогенова я43 |
| 686 ## - ИНДЕКСЫ ДРУГИХ КЛАССИФИКАЦИЙ |
| Индекс |
Ч313я43 |
| 686 ## - ИНДЕКСЫ ДРУГИХ КЛАССИФИКАЦИЙ |
| Индекс |
Ч486.63-268я43 |
| 702 #1 - ИМЯ ЛИЦА - ВТОРИЧНАЯ ОТВЕТСТВЕННОСТЬ |
| Код отношения |
Редактор |
| Материалы, к которым относится поле |
rus |
| Графика поля |
Кириллица |
| Начальный элемент ввода |
Григорьева |
| Часть имени, кроме начального элемента ввода |
А. А. |
| Дополнения к именам, кроме дат |
д-р пед. наук |
| Даты |
1958- |
| Расширение инициалов личного имени |
Антонина Афанасьевна |
| Идентификатор авторитетной/нормативной записи |
RU\NLR\auth\7740728 |
| Системный номер авторитетной/нормативной записи |
23679 |
| 702 #1 - ИМЯ ЛИЦА - ВТОРИЧНАЯ ОТВЕТСТВЕННОСТЬ |
| Начальный элемент ввода |
Гермогенова |
| Часть имени, кроме начального элемента ввода |
М. Д. |
| Расширение инициалов личного имени |
Матрена Денисовна |
| Код отношения |
Прочие |
| 712 02 - НАИМЕНОВАНИЕ ОРГАНИЗАЦИИ - ВТОРИЧНАЯ ОТВЕТСТВЕННОСТЬ |
| Код отношения |
Прочие |
| Начальный элемент ввода |
Северо-Восточный федеральный университет им. М. К. Аммосова |
| Идентифицирующий признак |
Якутск |
| Структурное подразделение |
Педагогический институт |
| -- |
Кафедра возрастной и педагогической психологии |
| Идентификатор авторитетной/нормативной записи |
RU\NLR\AUTH\8810209963 |
| Системный номер авторитетной/нормативной записи |
307117 |
| 801 #0 - ИСТОЧНИК ЗАПИСИ |
| Страна |
Российская Федерация |
| Организация |
RuMoRKP |
| Дата составления |
20120206 |
| Правила каталогизации |
rcr |
| 801 #1 - ИСТОЧНИК ЗАПИСИ |
| Страна |
Российская Федерация |
| Организация |
РГБ |
| Дата составления |
20120206 |
| 801 #2 - ИСТОЧНИК ЗАПИСИ |
| Страна |
Российская Федерация |
| Организация |
NLR |
| Дата составления |
20120214 |
| Правила каталогизации |
rcr |
| 942 ## - ДОПОЛНИТЕЛЬНЫЕ ЭЛЕМЕНТЫ ЗАПИСИ (АБИС) |
| Тип экземпляра АБИС |
Книга |
| 980 ## - КОЛЛЕКЦИЯ |
| Название коллекции |
Национальная библиография |
| 980 ## - КОЛЛЕКЦИЯ |
| Название коллекции |
НБР |